[Event "XVI. DBMM Schach"]
[Site "Dresden"]
[Date "2016.11.03"]
[Round "1.1"]
[White "Decker, Ingo"]
[Black "Molinaroli, Martin"]
[Result "0-1"]
[WhiteElo "1668"]
[BlackElo "2274"]
[Annotator "br"]
[PlyCount "130"]
[EventDate "2016.11.??"]
[SourceTitle "XVI. DBMM 2016"]
[Source "FV Schach e.V."]
[SourceDate "2017.06.14"]
[SourceVersion "1"]
[SourceVersionDate "2017.06.14"]
[SourceQuality "1"]
[WhiteTeam "SG Airbus Bremen"]
[BlackTeam "Westf. Provinzial-Versicherung Muenster"]
[WhiteTeamCountry "GER"]
[BlackTeamCountry "GER"]

1. e4 c6 2. Nc3 d5 3. exd5 cxd5 4. d4 Nc6 5. Nf3 Bg4 6. Be2 e6 7. h3 Bh5 8. Bf4
Bb4 9. O-O Nf6 10. a3 Bxc3 11. bxc3 Ne4 12. Qe1 O-O 13. g4 Bg6 14. Bd3 f5 15.
g5 Bh5 16. Kg2 Bxf3+ 17. Kxf3 Re8 18. Bxe4 fxe4+ 19. Kg2 Rf8 20. Be3 Rf3 21.
Rh1 Na5 22. h4 Qd6 23. Rh3 Raf8 24. Rxf3 Rxf3 25. Rb1 b6 26. Rb4 e5 27. Qe2 Qe6
28. Kf1 Rh3 29. Ke1 Rxh4 30. Kd2 Nc4+ 31. Rxc4 dxc4 32. dxe5 b5 33. Kc1 Rh1+
34. Kb2 Qd5 35. Qg4 Qxe5 36. Qc8+ Kf7 37. Bd4 Qxg5 38. Qd7+ Qe7 39. Qf5+ Kg8
40. Qd5+ Qf7 41. Qxe4 Rh5 42. Qg4 h6 43. Bxa7 Rg5 44. Qc8+ Kh7 45. Bd4 Qf5 46.
Qe8 Rg6 47. Qe7 Rg5 48. Qe8 h5 49. Qe7 h4 50. Bxg7 Rxg7 51. Qxh4+ Kg6 52. Qg3+
Qg5 53. Qd6+ Kf5 54. Qd5+ Kf4 55. Qd4+ Kf3 56. Ka2 Re7 57. a4 Re2 58. Kb2 Qf5
59. Qd1 Kxf2 60. a5 Qd3 61. Qc1 Qd2 62. Qxd2 Rxd2 63. a6 Rd6 64. Ka3 Rxa6+ 65.
Kb4 Rb6 0-1

[Event "XVI. DBMM Schach"]
[Site "Dresden"]
[Date "2016.11.03"]
[Round "1.2"]
[White "Gerighausen, Karl-Heinz"]
[Black "Jacobsen, Ruediger"]
[Result "1-0"]
[WhiteElo "1879"]
[BlackElo "1524"]
[Annotator "br"]
[PlyCount "51"]
[EventDate "2016.11.??"]
[SourceTitle "XVI. DBMM 2016"]
[Source "FV Schach e.V."]
[SourceDate "2017.06.14"]
[SourceVersion "1"]
[SourceVersionDate "2017.06.14"]
[SourceQuality "1"]
[WhiteTeam "Westf. Provinzial-Versicherung Muenster"]
[BlackTeam "SG Airbus Bremen"]
[WhiteTeamCountry "GER"]
[BlackTeamCountry "GER"]

1. d4 Nf6 2. Nf3 g6 3. Bg5 Bg7 4. e3 d6 5. c4 O-O 6. Nc3 c6 7. Be2 Re8 8. O-O
Qc7 9. Rc1 Nbd7 10. b4 e5 11. c5 d5 12. Qa4 e4 13. Nd2 Nf8 14. Bxf6 Bxf6 15.
Nxd5 Qd8 16. Nxf6+ Qxf6 17. b5 Bd7 18. bxc6 Bxc6 19. Bb5 Bxb5 20. Qxb5 Rab8 21.
Rfd1 Qf5 22. Nc4 Qd5 23. Nd6 Red8 24. Qc4 Rxd6 25. cxd6 Qxd6 26. Qc7 1-0

[Event "XVI. DBMM Schach"]
[Site "Dresden"]
[Date "2016.11.03"]
[Round "1.3"]
[White "Hueners, Rolf"]
[Black "Kuestermann, Dieter"]
[Result "0-1"]
[WhiteElo "1400"]
[BlackElo "1960"]
[Annotator "br"]
[PlyCount "56"]
[EventDate "2016.11.??"]
[SourceTitle "XVI. DBMM 2016"]
[Source "FV Schach e.V."]
[SourceDate "2017.06.14"]
[SourceVersion "1"]
[SourceVersionDate "2017.06.14"]
[SourceQuality "1"]
[WhiteTeam "SG Airbus Bremen"]
[BlackTeam "Westf. Provinzial-Versicherung Muenster"]
[WhiteTeamCountry "GER"]
[BlackTeamCountry "GER"]

1. d4 d5 2. e3 e6 3. a3 a5 4. Nf3 Nf6 5. Bd3 c5 6. b3 Nc6 7. Bb2 cxd4 8. Bxd4
Bd6 9. h3 e5 10. Bc3 e4 11. Nd4 exd3 12. Qxd3 O-O 13. O-O Bc7 14. Nd2 Nxd4 15.
Bxd4 b6 16. Nf3 Ba6 17. c4 dxc4 18. bxc4 Rc8 19. Qb3 Bxc4 20. Qb2 Bxf1 21. Kxf1
Re8 22. Qb3 h6 23. Qb5 Qd5 24. Qb2 Re6 25. Rc1 Rc6 26. Ne5 Bxe5 27. Rxc6 Rxc6
28. Bxe5 Qd1# 0-1

[Event "XVI. DBMM Schach"]
[Site "Dresden"]
[Date "2016.11.03"]
[Round "1.4"]
[White "Keller, Hansjuergen"]
[Black "Waltz, Juergen"]
[Result "1-0"]
[WhiteElo "1709"]
[BlackElo "1400"]
[Annotator "br"]
[PlyCount "81"]
[EventDate "2016.11.??"]
[SourceTitle "XVI. DBMM 2016"]
[Source "FV Schach e.V."]
[SourceDate "2017.06.14"]
[SourceVersion "1"]
[SourceVersionDate "2017.06.14"]
[SourceQuality "1"]
[WhiteTeam "Westf. Provinzial-Versicherung Muenster"]
[BlackTeam "SG Airbus Bremen"]
[WhiteTeamCountry "GER"]
[BlackTeamCountry "GER"]

1. d4 d5 2. Bf4 Nf6 3. e3 a6 4. Nf3 e6 5. Bd3 Bd6 6. Ne5 Nc6 7. Nxc6 bxc6 8.
Bg5 h6 9. Bh4 O-O 10. c3 Re8 11. Nd2 g5 12. Bg3 Bxg3 13. hxg3 Kg7 14. Nf3 Qd6
15. Ne5 c5 16. O-O cxd4 17. exd4 c5 18. Re1 cxd4 19. cxd4 Bb7 20. Rc1 Rac8 21.
Qe2 Rxc1 22. Rxc1 Rc8 23. Rxc8 Bxc8 24. Qc2 Bb7 25. Qc5 Ne4 26. Bxe4 Qxc5 27.
dxc5 dxe4 28. c6 Bxc6 29. Nxc6 f5 30. b4 Kf7 31. Kf1 Ke8 32. Nd4 Kd7 33. Ke2
Kd6 34. b5 axb5 35. Nxb5+ Kc5 36. Nc3 Kb4 37. Nb1 e5 38. Nd2 Ka3 39. Nxe4 fxe4
40. Ke3 Kxa2 41. Kxe4 1-0

[Event "XVI. DBMM Schach"]
[Site "Dresden"]
[Date "2016.11.03"]
[Round "2.1"]
[White "Maiwald, Jens Uwe"]
[Black "Schulz, Michael"]
[Result "1/2-1/2"]
[WhiteElo "2448"]
[BlackElo "2142"]
[Annotator "ms"]
[PlyCount "81"]
[EventDate "2016.11.??"]
[SourceTitle "XVI. DBMM 2016"]
[Source "FV Schach e.V."]
[SourceDate "2017.06.14"]
[SourceVersion "1"]
[SourceVersionDate "2017.06.14"]
[SourceQuality "1"]
[WhiteTeam "UKA GmbH Meissen"]
[BlackTeam "SV Osram Berlin"]
[WhiteTeamCountry "GER"]
[BlackTeamCountry "GER"]

1. Nf3 b5 2. g3 Bb7 3. Bg2 Nf6 4. Na3 a6 5. c4 b4 6. Nc2 e5 7. d3 c5 8. O-O d6
9. a3 a5 10. Bg5 Be7 11. Ne3 h6 12. Bxf6 Bxf6 13. Nd2 Bxg2 14. Kxg2 O-O 15.
axb4 cxb4 16. Nd5 Nd7 17. Ne4 Be7 18. Qa4 f5 19. Nd2 Nc5 20. Qb5 Bg5 21. Nf3
Nb3 22. Rad1 Rb8 23. Qc6 Rc8 24. Qb6 Rb8 25. Qc6 Rc8 26. Qa4 Nc5 27. Qa2 Bf6
28. d4 exd4 29. Nxd4 Bxd4 30. Rxd4 Ne6 31. Rd2 Rc5 32. b3 f4 33. Qc2 Qg5 34. h4
Qg4 35. Qe4 a4 36. bxa4 Rxc4 37. Ne7+ Kh8 38. Ng6+ Kg8 39. Ne7+ Kh8 40. Ng6+
Kg8 41. Ne7+ 1/2-1/2

[Event "XVI. DBMM Schach"]
[Site "Dresden"]
[Date "2016.11.03"]
[Round "2.2"]
[White "Rath, Alina"]
[Black "Urban, Konstantin"]
[Result "0-1"]
[WhiteElo "2047"]
[BlackElo "2361"]
[Annotator "br"]
[PlyCount "68"]
[EventDate "2016.11.??"]
[SourceTitle "XVI. DBMM 2016"]
[Source "FV Schach e.V."]
[SourceDate "2017.06.14"]
[SourceVersion "1"]
[SourceVersionDate "2017.06.14"]
[SourceQuality "1"]
[WhiteTeam "SV Osram Berlin"]
[BlackTeam "UKA GmbH Meissen"]
[WhiteTeamCountry "GER"]
[BlackTeamCountry "GER"]

1. c4 Nf6 2. Nc3 g6 3. g3 Bg7 4. Bg2 O-O 5. e4 d6 6. Nge2 c5 7. O-O Nc6 8. d3
a6 9. h3 Rb8 10. f4 Bd7 11. Be3 b5 12. Qd2 Ne8 13. f5 Nd4 14. cxb5 axb5 15. g4
Bc6 16. Ng3 b4 17. Nce2 b3 18. Nxd4 cxd4 19. Bh6 bxa2 20. Bxg7 Nxg7 21. Rxa2
Qb6 22. Rf2 Ra8 23. Rxa8 Rxa8 24. fxg6 hxg6 25. Qf4 Be8 26. Qg5 Qc7 27. Qd5 Ra4
28. Ne2 Ne6 29. Qb3 Nc5 30. Qc2 e5 31. Nc1 Qb7 32. Bf1 Ra1 33. Kh2 Qb4 34. Ne2
Ba4 0-1

[Event "XVI. DBMM Schach"]
[Site "Dresden"]
[Date "2016.11.03"]
[Round "2.3"]
[White "Hoffmann, Paul"]
[Black "Gebert Vangeel, Ralf"]
[Result "1-0"]
[WhiteElo "2372"]
[BlackElo "2042"]
[Annotator "br"]
[PlyCount "63"]
[EventDate "2016.11.??"]
[SourceTitle "XVI. DBMM 2016"]
[Source "FV Schach e.V."]
[SourceDate "2017.06.14"]
[SourceVersion "1"]
[SourceVersionDate "2017.06.14"]
[SourceQuality "1"]
[WhiteTeam "UKA GmbH Meissen"]
[BlackTeam "SV Osram Berlin"]
[WhiteTeamCountry "GER"]
[BlackTeamCountry "GER"]

1. e4 e5 2. Bc4 Nf6 3. d3 Be7 4. Nf3 d6 5. O-O O-O 6. c3 Nc6 7. Bb3 Be6 8. Nbd2
d5 9. Re1 Qd6 10. Qe2 dxe4 11. dxe4 Bxb3 12. axb3 Nd7 13. b4 a6 14. Nc4 Qe6 15.
Rd1 Rad8 16. Ne3 Nb6 17. Bd2 g6 18. g4 Rd7 19. Be1 Rfd8 20. Rxd7 Rxd7 21. h3
Bf8 22. Rd1 f6 23. Rxd7 Qxd7 24. Qd2 Qxd2 25. Bxd2 Kf7 26. g5 Bg7 27. b3 Ne7
28. gxf6 Bxf6 29. Ng4 Nd7 30. Bg5 Ke6 31. Bxf6 Nxf6 32. Ng5+ 1-0

[Event "XVI. DBMM Schach"]
[Site "Dresden"]
[Date "2016.11.03"]
[Round "2.4"]
[White "Eisermann, Daniel"]
[Black "Foerschner, Lucas"]
[Result "1/2-1/2"]
[WhiteElo "1966"]
[BlackElo "1982"]
[Annotator "de"]
[PlyCount "89"]
[EventDate "2016.11.??"]
[SourceTitle "XVI. DBMM 2016"]
[Source "FV Schach e.V."]
[SourceDate "2017.06.14"]
[SourceVersion "1"]
[SourceVersionDate "2017.06.14"]
[SourceQuality "1"]
[WhiteTeam "SV Osram Berlin"]
[BlackTeam "UKA GmbH Meissen"]
[WhiteTeamCountry "GER"]
[BlackTeamCountry "GER"]

1. e4 c5 2. Nf3 e6 3. d4 cxd4 4. Nxd4 Nc6 5. Be3 Qc7 6. Nc3 a6 7. Be2 Nf6 8.
O-O Bb4 9. f3 Ne5 10. Qd2 Nc4 11. Bxc4 Qxc4 12. Nde2 O-O 13. Qd4 Qxd4 14. Bxd4
Be7 15. Bb6 d6 16. Rfd1 Bd7 17. Rd3 Rac8 18. a4 Bc6 19. Nd4 d5 20. exd5 Bxd5
21. Nde2 Bc4 22. Rd2 Bb4 23. Nf4 Rc6 24. a5 Bb5 25. Rad1 Bxc3 26. bxc3 Rxc3 27.
Bd4 Rcc8 28. Bxf6 gxf6 29. Nh5 f5 30. g4 fxg4 31. fxg4 f5 32. g5 Kf7 33. Nf6 h6
34. h4 hxg5 35. hxg5 Rh8 36. Nd7 Rh4 37. Ne5+ Kg7 38. Rd7+ Bxd7 39. Rxd7+ Kg8
40. Rxb7 Re4 41. Nd7 Rd4 42. Nf6+ Kf8 43. g6 Rg4+ 44. Nxg4 fxg4 45. Rb6 1/2-1/2

[Event "XVI. DBMM Schach"]
[Site "Dresden"]
[Date "2016.11.03"]
[Round "2.1"]
[White "Blum, Norbert"]
[Black "Schramm, Christian"]
[Result "1/2-1/2"]
[WhiteElo "1986"]
[BlackElo "2390"]
[Annotator "br"]
[PlyCount "161"]
[EventDate "2016.11.??"]
[SourceTitle "XVI. DBMM 2016"]
[Source "FV Schach e.V."]
[SourceDate "2017.06.14"]
[SourceVersion "1"]
[SourceVersionDate "2017.06.14"]
[SourceQuality "1"]
[WhiteTeam "Sparkassen-Versicherung Stuttgart"]
[BlackTeam "AGI Frankfurt"]
[WhiteTeamCountry "GER"]
[BlackTeamCountry "GER"]

1. e4 c5 2. c3 g6 3. d4 cxd4 4. cxd4 d5 5. exd5 Nf6 6. Bb5+ Nbd7 7. Nc3 a6 8.
Bxd7+ Bxd7 9. Bg5 Bg7 10. Bxf6 Bxf6 11. Nge2 O-O 12. O-O Qb6 13. Qd2 Rac8 14.
Rac1 Rfd8 15. Ne4 Bb5 16. Rxc8 Rxc8 17. d6 Bg7 18. dxe7 Re8 19. N4c3 Rxe7 20.
Nxb5 Qxb5 21. Nc3 Qc4 22. Rd1 Bxd4 23. g3 Bxc3 24. Qd8+ Kg7 25. Qxe7 Bxb2 26.
Rd8 Qxa2 27. g4 Qa3 $11 28. Qe8 Qb4 29. h3 Kh6 30. Qxf7 a5 31. Rd7 Qe1+ 32. Kg2
Qe4+ 33. Qf3 Qxf3+ 34. Kxf3 a4 35. Rxb7 a3 36. Ra7 Kg5 37. Kg3 Be5+ 38. Kg2 Bb2
39. Ra4 Kf6 40. f4 Ke6 41. Kf3 Kd5 42. Ke3 Kc5 43. Kd3 Kb5 44. Ra8 Kc5 45. Kc2
Kd5 46. Re8 Kd6 47. Kb3 Bc1 48. f5 gxf5 49. gxf5 Kd7 50. Re2 Bb2 51. Re4 Kd6
52. Re6+ Kd7 53. Rh6 Ke7 54. Ra6 Kf7 55. Kc4 Ke7 56. Kd5 Kf7 57. Ke4 Kg7 58.
Kf4 Kf7 59. h4 Kg7 60. h5 Kf7 61. f6 Bxf6 62. Rxa3 Kg7 63. Kf5 Bb2 64. Ra6 Bc1
65. Rc6 Bd2 66. Rc2 Be3 67. Re2 Bc1 68. Ra2 Be3 69. Ra6 Bc1 70. h6+ Bxh6 71.
Ra7+ Kg8 72. Kf6 Bf8 73. Ra8 h6 74. Kg6 h5 75. Re8 h4 76. Re4 h3 77. Rh4 Bc5
78. Rh5 Bb4 79. Rxh3 Kf8 80. Re3 Be7 81. Rxe7 1/2-1/2

[Event "XVI. DBMM Schach"]
[Site "Dresden"]
[Date "2016.11.03"]
[Round "2.2"]
[White "Rietze, Clemens"]
[Black "Bischoff, Ulrich"]
[Result "1-0"]
[WhiteElo "2359"]
[BlackElo "2107"]
[Annotator "br"]
[PlyCount "37"]
[EventDate "2016.11.??"]
[SourceTitle "XVI. DBMM 2016"]
[Source "FV Schach e.V."]
[SourceDate "2017.06.14"]
[SourceVersion "1"]
[SourceVersionDate "2017.06.14"]
[SourceQuality "1"]
[WhiteTeam "AGI Frankfurt"]
[BlackTeam "Sparkassen-Versicherung Stuttgart"]
[WhiteTeamCountry "GER"]
[BlackTeamCountry "GER"]

1. d4 d5 2. c4 dxc4 3. Nf3 Nf6 4. e3 e6 5. Bxc4 c5 6. O-O a6 7. Qe2 b5 8. Bb3
Nc6 9. Rd1 cxd4 10. exd4 Be7 11. Ne5 Na5 12. Bc2 O-O 13. Nc3 Bb7 14. Bg5 Re8
15. Bxf6 Bxf6 16. Bxh7+ Kxh7 17. Qh5+ Kg8 18. Qxf7+ Kh8 19. Rd3 1-0

[Event "XVI. DBMM Schach"]
[Site "Dresden"]
[Date "2016.11.03"]
[Round "2.3"]
[White "Marten, Gero"]
[Black "Guth, Thomas"]
[Result "0-1"]
[WhiteElo "2010"]
[BlackElo "2301"]
[Annotator "br"]
[PlyCount "92"]
[EventDate "2016.11.??"]
[SourceTitle "XVI. DBMM 2016"]
[Source "FV Schach e.V."]
[SourceDate "2017.06.14"]
[SourceVersion "1"]
[SourceVersionDate "2017.06.14"]
[SourceQuality "1"]
[WhiteTeam "Sparkassen-Versicherung Stuttgart"]
[BlackTeam "AGI Frankfurt"]
[WhiteTeamCountry "GER"]
[BlackTeamCountry "GER"]

1. d4 e6 2. Nf3 Nf6 3. Bg5 c5 4. e3 h6 5. Bf4 Nh5 6. Be5 d6 7. Bg3 Nd7 8. Nc3
Nxg3 9. hxg3 Qb6 10. Rb1 Nf6 11. Bb5+ Bd7 12. Qe2 a6 13. Bxd7+ Nxd7 14. d5 e5
15. Nd2 Be7 16. Qg4 g6 17. e4 h5 18. Qe2 O-O-O 19. Nc4 Qc7 20. a4 f5 21. a5 Kb8
22. Na4 Nf6 23. Nc3 fxe4 24. Nb6 Rdf8 25. Nxe4 Nxe4 26. Qxe4 Ka7 27. c4 Bd8 28.
Qxg6 Rf6 29. Qe4 Qf7 30. f3 Rg6 31. g4 Rf6 32. b4 Rf4 33. Qc2 e4 34. Nc8+ Kb8
35. Nxd6 Qf8 36. Nxe4 hxg4 37. Rxh8 Qxh8 38. Qb2 Rxe4+ 39. fxe4 Qh4+ 40. Ke2
Qg3 41. Rg1 Bg5 42. Kf1 Qf4+ 43. Qf2 Qc1+ 44. Qe1 Qxc4+ 45. Kf2 Qd4+ 46. Kg3
Bd2 0-1

[Event "XVI. DBMM Schach"]
[Site "Dresden"]
[Date "2016.11.03"]
[Round "2.4"]
[White "Buescher, Henrik"]
[Black "Seifert, Martin"]
[Result "1-0"]
[WhiteElo "2112"]
[BlackElo "1988"]
[Annotator "br"]
[PlyCount "85"]
[EventDate "2016.11.??"]
[SourceTitle "XVI. DBMM 2016"]
[Source "FV Schach e.V."]
[SourceDate "2017.06.14"]
[SourceVersion "1"]
[SourceVersionDate "2017.06.14"]
[SourceQuality "1"]
[WhiteTeam "AGI Frankfurt"]
[BlackTeam "Sparkassen-Versicherung Stuttgart"]
[WhiteTeamCountry "GER"]
[BlackTeamCountry "GER"]

1. d4 d5 2. e3 Bf5 3. f4 Nf6 4. Nf3 e6 5. c3 Nbd7 6. Be2 Bd6 7. O-O h6 8. Ne5
c6 9. Nd2 O-O 10. Bf3 Qc7 11. Qe2 Bh7 12. g4 Ne8 13. Kh1 f6 14. Nxd7 Qxd7 15.
Rg1 Qe7 16. Qg2 Kh8 17. Nf1 f5 18. Qh3 fxg4 19. Qxg4 Nf6 20. Qg2 Ne4 21. Ng3
Nxg3+ 22. hxg3 e5 23. Bd2 e4 24. Be2 Qf6 25. Qh3 Bf5 26. g4 Bd7 27. Rg2 Kg8 28.
Rf1 Be7 29. Rh2 Bd6 30. Be1 Qg6 31. Qh4 Kh7 32. Rg1 Rae8 33. g5 Be7 34. Bh5 Qe6
35. Bxe8 Bxe8 36. Bg3 Qg6 37. Qh3 Rf5 38. gxh6 Qf7 39. hxg7+ Rh5 40. Qxh5+ Qxh5
41. Rxh5+ Bxh5 42. Bh4 Bf3+ 43. Kh2 1-0

[Event "XVI. DBMM Schach"]
[Site "Dresden"]
[Date "2016.11.03"]
[Round "2.2"]
[White "Haas, Peter"]
[Black "Schuettig, Ruediger"]
[Result "0-1"]
[WhiteElo "2098"]
[BlackElo "2234"]
[Annotator "br"]
[PlyCount "108"]
[EventDate "2016.11.??"]
[SourceTitle "XVI. DBMM 2016"]
[Source "FV Schach e.V."]
[SourceDate "2017.06.14"]
[SourceVersion "1"]
[SourceVersionDate "2017.06.14"]
[SourceQuality "1"]
[WhiteTeam "ADAC Muenchen"]
[BlackTeam "Deutsche Bahn/BSW Berlin"]
[WhiteTeamCountry "GER"]
[BlackTeamCountry "GER"]

1. e4 d5 2. exd5 Nf6 3. d4 Nxd5 4. Nf3 Bg4 5. Be2 e6 6. O-O Be7 7. c4 Nb6 8.
Be3 O-O 9. Nbd2 Nc6 10. Ne5 Bxe2 11. Nxc6 Bxd1 12. Nxd8 Be2 13. Rfe1 Rfxd8 14.
Rxe2 Bf6 15. c5 Nd5 16. Ne4 Nxe3 17. fxe3 Be7 18. Rc1 f5 19. Nc3 c6 20. Rf1 Bf6
21. g4 fxg4 22. Ne4 Be7 23. Nf2 h5 24. Nd3 g5 25. Ne5 Rf8 26. Rb1 Kg7 27. b4 a6
28. a4 Rad8 29. b5 axb5 30. axb5 Bf6 31. Nc4 Rd7 32. Ra2 h4 33. Nd6 Be7 34. Ra7
Bxd6 35. bxc6 Rdf7 36. cxd6 bxc6 37. Rxf7+ Rxf7 38. e4 Ra7 39. e5 Ra4 40. Rb7+
Kg6 41. Kf2 Rxd4 42. Ke3 Rd5 43. Ke4 c5 44. Rb3 Rd4+ 45. Ke3 g3 46. hxg3 hxg3
47. Kf3 Kf5 48. Re3 c4 49. Kxg3 c3 50. Rxc3 Kxe5 51. Rc5+ Kf6 52. Rc6 Kf5 53.
Kf3 Rd5 54. Ke3 Ke5 0-1

[Event "XVI. DBMM Schach"]
[Site "Dresden"]
[Date "2016.11.03"]
[Round "2.3"]
[White "Kuhne, Detlev"]
[Black "Gempe, Anet"]
[Result "1-0"]
[WhiteElo "2131"]
[BlackElo "2027"]
[Annotator "br"]
[PlyCount "131"]
[EventDate "2016.11.??"]
[SourceTitle "XVI. DBMM 2016"]
[Source "FV Schach e.V."]
[SourceDate "2017.06.14"]
[SourceVersion "1"]
[SourceVersionDate "2017.06.14"]
[SourceQuality "1"]
[WhiteTeam "Deutsche Bahn/BSW Berlin"]
[BlackTeam "ADAC Muenchen"]
[WhiteTeamCountry "GER"]
[BlackTeamCountry "GER"]

1. Nf3 e6 2. c4 d5 3. cxd5 exd5 4. d4 Nf6 5. Nc3 Be7 6. Bf4 c6 7. e3 O-O 8. Be2
Nbd7 9. O-O Re8 10. Rb1 Nh5 11. Be5 f6 12. Bg3 Nxg3 13. hxg3 Nf8 14. b4 Bd6 15.
b5 Bd7 16. bxc6 bxc6 17. Na4 Qa5 18. Qc2 Re7 19. Bd3 Be8 20. Nc5 Bxc5 21. Qxc5
Qxc5 22. dxc5 Ne6 23. Rfc1 Bg6 24. Bxg6 hxg6 25. Kf1 Rd8 26. Rb4 Kf7 27. a4
Rdd7 28. Nd4 Nd8 29. Rcb1 Rc7 30. Rb8 Ne6 31. Nxe6 Kxe6 32. a5 Red7 33. R1b4
Ke5 34. Re8+ Re7 35. Reb8 Red7 36. a6 d4 37. exd4+ Ke4 38. R8b7 Kd3 39. Rxc7
Rxc7 40. Rb7 Rc8 41. Rxa7 Kxd4 42. Rxg7 Ra8 43. Rxg6 Ke5 44. f4+ Kf5 45. Rg7
Rxa6 46. Rc7 Ke4 47. Re7+ Kd5 48. f5 Ra8 49. Rf7 Ke5 50. g4 Rg8 51. Re7+ Kd5
52. Re6 Rxg4 53. Rxf6 Kxc5 54. Kf2 Kd5 55. Kf3 Rg8 56. g4 c5 57. Re6 c4 58. Re1
c3 59. Kf4 Rc8 60. Rd1+ Kc4 61. f6 c2 62. Rc1 Kd3 63. g5 Kd2 64. Rxc2+ Rxc2 65.
f7 Rc1 66. g6 1-0

[Event "XVI. DBMM Schach"]
[Site "Dresden"]
[Date "2016.11.03"]
[Round "2.4"]
[White "Weidl, Robert"]
[Black "Kleeschaetzky, Ralf"]
[Result "0-1"]
[WhiteElo "1909"]
[BlackElo "2209"]
[Annotator "br"]
[PlyCount "112"]
[EventDate "2016.11.??"]
[SourceTitle "XVI. DBMM 2016"]
[Source "FV Schach e.V."]
[SourceDate "2017.06.14"]
[SourceVersion "1"]
[SourceVersionDate "2017.06.14"]
[SourceQuality "1"]
[WhiteTeam "ADAC Muenchen"]
[BlackTeam "Deutsche Bahn/BSW Berlin"]
[WhiteTeamCountry "GER"]
[BlackTeamCountry "GER"]

1. e4 c5 2. Nf3 Nc6 3. d4 cxd4 4. Nxd4 Nf6 5. Nc3 e5 6. Ndb5 d6 7. Bg5 a6 8.
Na3 Be6 9. Nc4 Rc8 10. Ne3 Be7 11. Bxf6 Bxf6 12. Ncd5 Bg5 13. c3 Ne7 14. a4
Bxd5 15. Nxd5 Nxd5 16. Qxd5 Qb6 17. Bc4 O-O 18. b3 Rc5 19. Qd3 Qc7 20. O-O Rd8
21. Rfd1 h6 22. Qe2 Kh8 23. Rd5 Rxd5 24. Bxd5 Qxc3 25. Rd1 Qc7 26. g3 Rc8 27.
Bc4 Rf8 28. Qd3 Be7 29. Qf3 g6 30. g4 Kg7 31. Kh1 Bg5 32. Qd3 Rd8 33. h3 Rd7
34. Qd5 Qd8 35. Qd3 Qh8 36. Qf3 Qe8 37. Bd5 Bd8 38. Kg2 Bb6 39. Rc1 Bc5 40. Bc4
Qd8 41. Qg3 Qa5 42. Qd3 Qd8 43. Qg3 Rc7 44. Rd1 Bd4 45. Rd3 Qg5 46. Rd1 b5 47.
axb5 axb5 48. Bxb5 Rc2 49. Rf1 Rc3 50. Qh2 Rxb3 51. Bc4 Rc3 52. Bd5 h5 53. Kh1
hxg4 54. hxg4 Qxg4 55. Rg1 Qf3+ 56. Qg2 Qh5+ 0-1

[Event "XVI. DBMM Schach"]
[Site "Dresden"]
[Date "2016.11.03"]
[Round "2.1"]
[White "Hoffmann, Hendrik"]
[Black "Feikes, Joerg"]
[Result "1-0"]
[WhiteElo "2266"]
[BlackElo "1968"]
[Annotator "jf"]
[PlyCount "41"]
[EventDate "2016.11.??"]
[SourceTitle "XVI. DBMM 2016"]
[Source "FV Schach e.V."]
[SourceDate "2017.06.14"]
[SourceVersion "1"]
[SourceVersionDate "2017.06.14"]
[SourceQuality "1"]
[WhiteTeam "le-tex Publishing Services Leipzig"]
[BlackTeam "BA Tempelhof Berlin"]
[WhiteTeamCountry "GER"]
[BlackTeamCountry "GER"]

1. e4 e5 2. Nf3 Nc6 3. Bc4 Nf6 4. d4 exd4 5. O-O Nxe4 6. Re1 d5 7. Bxd5 Qxd5 8.
Nc3 Qa5 9. Nxe4 Be6 10. Bd2 Bb4 11. Nxd4 Nxd4 12. c3 Be7 13. cxd4 Qd5 14. Bb4
Bxb4 15. Qa4+ b5 16. Qxb4 a5 17. Qa3 Qxd4 18. Ng5 Ra6 19. Rad1 Qf6 20. Qc5 Rd6
21. Ne4 1-0

[Event "XVI. DBMM Schach"]
[Site "Dresden"]
[Date "2016.11.03"]
[Round "2.2"]
[White "Kettenburg, Stefan"]
[Black "Heinrich, Thomas"]
[Result "1-0"]
[WhiteElo "2063"]
[BlackElo "2224"]
[Annotator "br"]
[PlyCount "73"]
[EventDate "2016.11.??"]
[SourceTitle "XVI. DBMM 2016"]
[Source "FV Schach e.V."]
[SourceDate "2017.06.14"]
[SourceVersion "1"]
[SourceVersionDate "2017.06.14"]
[SourceQuality "1"]
[WhiteTeam "BA Tempelhof Berlin"]
[BlackTeam "le-tex Publishing Services Leipzig"]
[WhiteTeamCountry "GER"]
[BlackTeamCountry "GER"]

1. d4 Nf6 2. c4 g6 3. Nc3 Bg7 4. e4 d6 5. f4 O-O 6. Nf3 c5 7. d5 b5 8. cxb5 a6
9. a4 axb5 10. Bxb5 Ba6 11. Bd2 Ne8 12. O-O Nc7 13. Qe2 Nd7 14. Rad1 Qb8 15. e5
Nb6 16. Qe4 $11 Bxb5 17. axb5 Qb7 18. Bc1 Rad8 19. exd6 exd6 20. f5 Nd7 21.
fxg6 hxg6 22. Qh4 f5 23. Qg3 Ne5 24. Nxe5 dxe5 25. Qxg6 Rf6 26. Qh5 Nxb5 27.
Nxb5 Qxb5 28. Bg5 Qb6 29. Bxf6 Qxf6 30. Rxf5 Qe7 31. d6 Rxd6 32. Rxd6 Qxd6 33.
Qe8+ Kh7 34. Rh5+ Bh6 35. Rxe5 Qd4+ 36. Kh1 Qxb2 37. Qf7+ 1-0

[Event "XVI. DBMM Schach"]
[Site "Dresden"]
[Date "2016.11.03"]
[Round "2.3"]
[White "Rohne, Lars"]
[Black "Neumann, Christian"]
[Result "1-0"]
[WhiteElo "2152"]
[BlackElo "1945"]
[Annotator "br"]
[PlyCount "91"]
[EventDate "2016.11.??"]
[SourceTitle "XVI. DBMM 2016"]
[Source "FV Schach e.V."]
[SourceDate "2017.06.14"]
[SourceVersion "1"]
[SourceVersionDate "2017.06.14"]
[SourceQuality "1"]
[WhiteTeam "le-tex Publishing Services Leipzig"]
[BlackTeam "BA Tempelhof Berlin"]
[WhiteTeamCountry "GER"]
[BlackTeamCountry "GER"]

1. e4 g6 2. d4 Bg7 3. Nc3 d6 4. Be3 Nf6 5. Nf3 O-O 6. h3 b6 7. Bd3 Bb7 8. O-O
Nbd7 9. Nh2 e5 10. d5 Re8 11. Ng4 c6 12. Bg5 Qc7 13. Qf3 Nh5 14. Bc4 c5 15.
Nh6+ Bxh6 16. Bxh6 a6 17. a4 f6 18. g4 Ng7 19. Qg3 g5 20. h4 gxh4 21. Qxh4 Re7
22. Ne2 Kf7 23. Ng3 Ree8 24. Bxg7 Kxg7 25. Nf5+ Kh8 26. Ra3 Rf8 27. Qh5 Rg8 28.
Rh3 Nf8 29. Nh6 Rg7 30. f4 Ng6 31. fxe5 fxe5 32. Nf5 Nf4 33. Rxf4 exf4 34. Nxg7
Qxg7 35. e5 dxe5 36. Bd3 h6 37. Qxh6+ Qxh6 38. Rxh6+ Kg8 39. c4 b5 40. Re6 Bc8
41. Rxe5 Bxg4 42. Rg5+ Kf7 43. Rxg4 bxc4 44. Bxc4 Rb8 45. Rg2 a5 46. d6+ 1-0